[Event "Gran Canaria Joseito Memorial 30th"]
[Site "Gran Canaria"]
[Date "2012.09.01"]
[Round "2"]
[White "Del Toro Gonzalez, Bernardo"]
[Black "Diaz Perera, Jose Gabriel"]
[Result "0-1"]
[WhiteElo "1205"]
[BlackElo "1249"]
[PlyCount "30"]
[EventDate "2012.09.01"]
[EventType "swiss"]
[EventRounds "6"]
[EventCountry "ESP"]
[SourceTitle "CBM 150 Extra"]
[Source "ChessBase"]
[SourceDate "2012.10.19"]
[SourceVersion "1"]
[SourceVersionDate "2012.10.19"]
[SourceQuality "1"]

1. e4 e5 2. Ne2 Nc6 3. g3 Nf6 4. Bg2 d5 5. Nbc3 dxe4 6. Nxe4 Nxe4 7. Bxe4 Bh3 8. b3 f5 9. Bd3 Bg4 10. f3 Bxf3 11. 0-0 e4 12. Bb5 a6 13. Bc4 Nd4 14. Bb2 Bc5 15. c3 Nxe2# 0-1

[Event "Gran Canaria Joseito Memorial 30th"]
[Site "Gran Canaria"]
[Date "2012.09.01"]
[Round "1"]
[White "Diaz Perera, Jose Gabriel"]
[Black "Marrero Cardenes, Agustin"]
[Result "0-1"]
[WhiteElo "1249"]
[BlackElo "1559"]
[PlyCount "60"]
[EventDate "2012.09.01"]
[EventType "swiss"]
[EventRounds "6"]
[EventCountry "ESP"]
[SourceTitle "CBM 150 Extra"]
[Source "ChessBase"]
[SourceDate "2012.10.19"]
[SourceVersion "1"]
[SourceVersionDate "2012.10.19"]
[SourceQuality "1"]

1. e4 c6 2. Nc3 d5 3. d4 dxe4 4. Nxe4 Bf5 5. Nc3 Nf6 6. Bd3 Bg4 7. Nf3 Bxf3 8. gxf3 Qxd4 9. Nb5 Qe5+ 10. Qe2 Qxe2+ 11. Bxe2 cxb5 12. Bxb5+ Nbd7 13. Be3 e5 14. 0-0-0 Be7 15. Bg5 0-0-0 16. Rd3 a6 17. Ba4 Nc5 18. Rc3 Kb8 19. Rc4 b5 20. Bxb5 axb5 21. Rc3 Rd5 22. Be3 Rhd8 23. b3 Nce4 24. Rd3 Ba3+ 25. Kd1 Nc3+ 26. Kd2 Rxd3+ 27. cxd3 Nfd5 28. Bg5 f6 29. Bh4 Bb4 30. a4 Nxa4+ 0-1